USL Championship/League One 2026 Season - Statistics

General Stats
  • This quiz has been taken 84 times
  • The average score is 30 of 53
Answer Stats
Conference State Answer Founded % Correct
Championship East: AL Birmingham Legion FC 2017
90%
Championship East: KY Louisville City FC 2014
88%
Championship East: MI Detroit City FC 2012
85%
Championship East: PA Pittsburgh Riverhounds SC 1998
85%
Championship West: CA Sacramento Republic FC 2012
85%
Championship West: AZ Phoenix Rising FC 2014
83%
Championship East: SC Charleston Battery 1993
81%
Championship East: CT Hartford Athletic 2018
81%
Championship West: NV Las Vegas Lights FC 2017
79%
Championship West: CO Colorado Springs Switchbacks FC 2013
77%
Championship West: TX El Paso Locomotive FC 2018
77%
Championship East: IN Indy Eleven 2013
77%
League One: VA Richmond Kickers 1993
77%
Championship West: OK FC Tulsa 2013
75%
Championship East: FL Tampa Bay Rowdies 2008
75%
Championship East: RI Rhode Island FC 2019
73%
Championship West: KY Lexington SC 2021
71%
Championship West: TX San Antonio FC 2016
71%
Championship East: FL Miami FC 2015
69%
Championship West: NM New Mexico United 2018
69%
Championship 2027: OK Oklahoma City Energy FC 2013
69%
League One: ME Portland Hearts of Pine 2023
67%
League One: NC Charlotte Independence 2014
65%
League One 2026: ID Boise Pro Soccer 2024
63%
League One: WI Forward Madison FC 2018
63%
League One: NE Union Omaha 2019
60%
League One: TN One Knoxville SC 2021
58%
Championship 2026: WI Milwaukee Pro Soccer 2022
56%
Championship West: CA Oakland Roots SC 2018
56%
League One: WA Spokane Velocity FC 2021
54%
Championship 2026: FL Sporting Club Jacksonville 2022
54%
Championship 2026: NY Brooklyn FC 2023
52%
Championship East: NC North Carolina FC 2006
52%
League One: TN Chattanooga Red Wolves SC 2018
48%
League One 2026: IN Fort Wayne FC 2019
48%
Championship East: VA Loudoun United FC 2018
48%
Championship 2026: NY Buffalo Pro Soccer 2024
46%
Championship West: CA Orange County SC 2010
46%
Championship 2027: TX USL Dallas 2024
46%
Championship TBD: IA USL Pro Iowa 2022
46%
League One: CA AV Alta FC 2023
44%
League One: SC Greenville Triumph SC 2018
44%
Championship West: CA Monterey Bay FC 2021
42%
League One: GA South Georgia Tormenta FC 2015
40%
League One 2026: OR USL Eugene 2024
40%
League One: FL FC Naples 2024
33%
League One: NY Westchester SC 2024
31%
League One 2026: TX Corpus Christi Professional Soccer 2024
29%
Championship 2026: AR Ozark United FC 2023
25%
Championship 2026: CA Santa Barbara Sky FC 2022
19%
League One 2026: FL Sarasota Paradise 2022
17%
Championship TBD: FL USL Palm Beach 2023
13%
League One 2026: NJ North Jersey Pro Soccer 2025
4%
No matching quizzes found
Score Distribution
Percent of People with Each Score
Percentile by Number Answered
Your Score History
You have not taken this quiz